000 00314 a2200085 4500
020 _a9788197025747
100 _aSapre S.D.
_9211701
245 _aप्रत्त्येक राष्टभक्ताचे स्वप्न अखंड भारत
260 _bBharatiya Vichar Sadhana Pune Prakashan
_c2024
999 _c365704
_d365704